000
00305nam a2200109Ia 4500
008
220214s9999 xx 000 0 und d
100
_a
Gianping Zhou
245
2
_a
A Study on the loss of germinating power in Hevea seeds
260
_b
Chinese Journal of Tropical Crops
_c
1983
300
_a
18p
942
_c
RE
999
_c
45648
_d
45648